| 000 | 00862nam a22002777a 4500 | ||
|---|---|---|---|
| 001 | 107382 | ||
| 003 | UA-OsUOA | ||
| 005 | 20260203100452.0 | ||
| 007 | ta | ||
| 008 | 20140728b un ||||| |||| 00| 0 ukr d | ||
| 020 | _a5777008224 | ||
| 040 |
_aUA-OsUOA _bukr _cUA-OsUOA _dUA-OsUOA |
||
| 041 | _aukr | ||
| 080 | _a821.161.2 | ||
| 090 |
_a821.161.2 _bС24 |
||
| 100 |
_aСверстюк Є. _91594 |
||
| 245 |
_aБлудні сини України _cЄвген Сверстюк |
||
| 260 |
_aК. _bЗнання _c1993 |
||
| 300 |
_a256 с. _bіл. |
||
| 490 |
_aПисьменники України та діяспори _vВип. 3–4 |
||
| 591 | _aСамолюк В. В. | ||
| 650 | 7 |
_a821.161.2 Українська література _2UDC _941 |
|
| 942 |
_cBK _2udc |
||
| 955 | _a3 | ||
| 999 |
_c393548 _d393548 |
||